000 00674nam a2200181 4500
001 113206
003 ES-MaACL
005 20230906185809.0
007 t|
008 061121s1981 sp r ||||1| spa d
100 1 _aNúñez Romero-Balmas, Gregorio.
_986222
245 1 3 _aLa introducción de la economía política en España hasta 1870
_b: catálogo de traducciones y notas críticas /
_cGregorio Núñez Romero-Balmas.
260 _aGranada :
_bUniversidad,
_c1981.
300 _a13 h. ;
_c22 cm.
500 _aEs tirada aparte de: `Anuario de Historia Contemporánea`, 1981, 8, p. 287-311.
710 2 _aUniversidad de Granada.
_97176
852 _aES-MaACL
_j2127-F-8
999 _c113206
_d113206